Malezas de Chile

Salvato in:
Dettagli Bibliografici
Autore principale: Ramírez de Vallejo, Adriana (autora)
Natura: Libro
Lingua:spagnolo
Pubblicazione: Santiago INIA 1980
Serie:Boletín Técnico, 15
Soggetti:
Tags: Aggiungi Tag
Nessun Tag, puoi essere il primo ad aggiungerne!!

MARC

LEADER 00000nam a2200000 a 4500
001 UCV7469
003 CL-VaPUC
008 930302e19800000CL |||||||||||||||||spa|d
082 0 4 |a 581.6520983  |b RAM  |2 21 
100 |a Ramírez de Vallejo, Adriana  |e autora  |9 421165 
245 1 0 |a Malezas de Chile 
300 |a 45 p 
942 |c BK 
945 |d 19930302 00:00:00 
260 |a Santiago  |b INIA  |c 1980 
650 7 |a MALEZA NOMENCLATURA  |2 CL-VaPUC  |9 264896 
651 7 |a CHILE  |2 CL-VaPUC  |9 301596 
583 |a last modification  |c 19930302 00:00:00  |k Rodrigo Vera 
490 0 |a Boletín Técnico, 15 
999 |c 213141  |d 213139